UM Logo

Student's school related problem and their academic performance in computer education of UM Digos College/ (Record no. 1794)

MARC details
000 -LEADER
fixed length control field 00624nam a22001577a 4500
008 - FIXED-LENGTH DATA ELEMENTS--GENERAL INFORMATION
fixed length control field 160415b xxu||||| |||| 00| 0 eng d
082 ## - DEWEY DECIMAL CLASSIFICATION NUMBER
Edition number 2007
Classification number UT 0152
Item number P75
100 ## - MAIN ENTRY--PERSONAL NAME
9 (RLIN) 5691
Personal name Polistico, Rosalina M.
245 ## - TITLE STATEMENT
Title Student's school related problem and their academic performance in computer education of UM Digos College/
Statement of responsibility, etc. Rosalina M. Polistico, Christine B. Dizon and Leah G Guillen.
260 ## - PUBLICATION, DISTRIBUTION, ETC. (IMPRINT)
Place of publication, distribution, etc. Digos City:
Name of publisher, distributor, etc. UMDC
Date of publication, distribution, etc. May 2007.
300 ## - PHYSICAL DESCRIPTION
Extent 48 pages;
Dimensions 28 cm.
650 #0 - SUBJECT ADDED ENTRY--TOPICAL TERM
9 (RLIN) 5692
Topical term or geographic name as entry element Liberal Arts
Form subdivision English
General subdivision Undergraduate thesis.
700 ## - ADDED ENTRY--PERSONAL NAME
9 (RLIN) 5693
Personal name Dizon, Christine B.
700 ## - ADDED ENTRY--PERSONAL NAME
9 (RLIN) 5694
Personal name Guillen, Leah G.
942 ## - ADDED ENTRY ELEMENTS (KOHA)
Source of classification or shelving scheme Dewey Decimal Classification
Koha item type Undergraduate Thesis
Holdings
Withdrawn status Lost status Source of classification or shelving scheme Damaged status Not for loan Collection code Home library Current library Date acquired Total Checkouts Full call number Barcode Date last seen Price effective from Koha item type
    Dewey Decimal Classification     Undergraduate Theses UM Digos College - LIC UM Digos College - LIC 04/15/2016   UT 0152 P75 2007 UT0152 04/15/2016 04/15/2016 Undergraduate Thesis